Miasta/stolica Estonii, Łotwy, Litwy. - Statystyki

Ogólne statystyki
  • Ten quiz został rozwiązany 183 razy
  • Średni wynik to 6 z 9
Statystyki odpowiedzi
Kraj + Ludność Miasto % Poprawnych
Litwa (527 930) Wilno
99%
Łotwa (658 640) Ryga
97%
Estonia (395 392) Tallin
97%
Litwa (307 498) Kowno
89%
Litwa (158 891) Kłajpeda
78%
Łotwa (93 312) Dyneburg
52%
Estonia (97 117) Tartu
49%
Łotwa (76 731) Lipawa
37%
Estonia (57 650) Narwa
36%
Nie znaleziono quizów pasujących do podanych kryteriów
Rozkład punktacji
Procent ludzi z każdym wynikiem
Percentyl według liczby udzielonych odpowiedzi
Twoja historia wyników
Nie rozwiązałeś tego quizu